Química
| Main Authors: | , |
|---|---|
| Format: | Section = Libro |
| Language: | Undetermined Spanish |
| Published: |
México
McGraw-Hill
1992
|
| Edition: | 4a.ed. |
| Subjects: |
| LEADER | 00576nam a2200241Ia 4500 | ||
|---|---|---|---|
| 008 | 240829s9999 xx 000 0 und d | ||
| 020 | |a 970-10-0089-7 | ||
| 040 | |a BIBLIOTECA-RUSB/ 540 Ch455 | ||
| 041 | |a spa | ||
| 082 | |a 540 Ch455 | ||
| 100 | 1 | |a Chang, Raymond | |
| 100 | 1 | |b Goldsby, Kenneth | |
| 245 | 1 | 0 | |a Química |
| 250 | |a 4a.ed. | ||
| 260 | |a México |b McGraw-Hill |c 1992 | ||
| 300 | |a 1064 p. :il. | ||
| 650 | 7 | |a QUIMICA | |
| 650 | 7 | |b TERMODINAMICA | |
| 650 | 7 | |c CINETICA QUIMICA | |
| 650 | 7 | |d QUIMICA ORGANICA | |
| 942 | |c BK |2 ddc | ||
| 991 | |a TEXTO | ||
| 999 | |c 2261 | ||